Statistics for Svemirko

Click here to take the quiz!

General Stats

  • This quiz has been taken 7 times
  • The average score is 24 of 27

Answer Stats

HintAnswer% Correct
Tunguzija - 334, 5
100%
Tunguzija - 1Dizajnerica Laura
100%
Skalamerija - 3Dok ja spavam
100%
Skalamerija - 4Još sam pri aparatu
100%
Vanilija - 2Miris grada
100%
Vanilija - 9Možda nisam dobar
100%
Tunguzija - 9Odgovoran ljubavnik
100%
Skalamerija - 6Rijeka suza stati neće
100%
Tunguzija - 7Slučajna cesta
100%
Vanilija - 3Tajne svemira
100%
Vanilija - 5Vrati mi se još jedanput
100%
Tunguzija - 4Zauvijek zen
100%
Vanilija - 1Žena od vanilije
100%
Tunguzija - 8Gdje si do sad
80%
Vanilija - 6Intermisija
80%
Vanilija - 8Ja znam da nešto uzimam
80%
Skalamerija - 2Južni trans
80%
Skalamerija - 5Mažemo se bolje
80%
Tunguzija - 2Meni se ne svira
80%
Vanilija - 4Na tvom zidu
80%
Tunguzija - 6Šapat
80%
Vanilija - 7Sa svog balkona
80%
Skalamerija - 7Tanekoko
80%
Skalamerija - 1Uvod u skalamerizam
80%
Tunguzija - 5Kako da znam
60%
Skalamerija - 8Lako je voljeti
60%
Skalamerija - 9Nikad više ništa
60%

Score Distribution

Percentile by Number Answered

Percent of People with Each Score

Your Score History

You have not taken this quiz